| 000 | 00969nam a22002417a 4500 | ||
|---|---|---|---|
| 999 |
_c16382 _d16382 |
||
| 003 | AR-CdUCM | ||
| 008 | 190503b ||||| |||| 00| 0 spa d | ||
| 040 |
_aMUNICIPALIDAD PROVINCIAL DEL CUSCO _cBIBLIOTECA MUNICIPAL DEL CUSCO |
||
| 082 |
_a373 / _bL42 |
||
| 100 |
_aLeif, J _935796 |
||
| 245 | _aDidáctica de la historia y de la geografía / | ||
| 260 |
_aBuenos Aires : _bKapelusz, _c1961. |
||
| 300 |
_a142 paginas ; _c20 cm. |
||
| 500 | _aTitulo original : Pédadogie spéciale L´histoire et la géographie | ||
| 505 | _aContenido :¿Que es la historia? -- ¿para que sirve la historia? -- Como enseñar historia -- La orientación de esta enseñanza -- La lección en los distintos ciclos... | ||
| 650 |
_aHistoria _9246 |
||
| 650 |
_aGeografía _9318 |
||
| 650 |
_aLecciones aprendidas _935797 |
||
| 650 |
_aPreparación de una lección _935798 |
||
| 700 |
_aThomas,Juan Jorge (Traducción) _935799 |
||
| 942 |
_2ddc _cLIBROS |
||
| 945 |
_awnts _d2019-05-3 |
||